LITTLE PONY (Record no. 4618)
[ view plain ]
| 000 -LEADER | |
|---|---|
| fixed length control field | 00285nam a22001097a 4500 |
| 008 - FIXED-LENGTH DATA ELEMENTS--GENERAL INFORMATION | |
| fixed length control field | 250306b ||||| |||| 00| 0 eng d |
| 020 ## - INTERNATIONAL STANDARD BOOK NUMBER | |
| International Standard Book Number | 9780316266994 |
| 082 ## - DEWEY DECIMAL CLASSIFICATION NUMBER | |
| Classification number | FIC FIN |
| 100 ## - MAIN ENTRY--PERSONAL NAME | |
| Personal name | FINN,PERDITA |
| Relator term | AUTHOR |
| 245 ## - TITLE STATEMENT | |
| Title | LITTLE PONY |
| Remainder of title | TWILIGHT'S SPARKLY SLEEPOVER SURPRISE |
| 942 ## - ADDED ENTRY ELEMENTS (KOHA) | |
| Source of classification or shelving scheme | |
| Withdrawn status | Lost status | Source of classification or shelving scheme | Damaged status | Not for loan | Collection code | Permanent Location | Current Location | Shelving location | Date acquired | Total Checkouts | Full call number | Barcode | Date last seen | Date last checked out | Price effective from | Koha item type | Public note |
|---|---|---|---|---|---|---|---|---|---|---|---|---|---|---|---|---|---|
| Fiction | KH8 Primary School Library | KH8 Primary School Library | Fiction | 2025-03-06 | 1 | FIC FIN | KHPL000006438 | 2025-12-05 | 2025-04-29 | 2025-03-06 | Books - Fiction | KH8 PRIMARY LIBRARY |